Greek Roots - Lesson 3 - Statistics

General Stats
  • This quiz has been taken 3 times
  • The average score is 4 of 20
Answer Stats
Hint Answer % Correct
whole, entire HOL
100%
human being ANTHROP
50%
star ASTR, ASTER
50%
color CHROM, CHROMAT
50%
race, cultural group ETHN
50%
physician, medicine IATR
50%
to build, builder TECT
50%
to begin, to rule, ancient ARCH, ARCHE, ARCHAE
0%
to judge, decide, separate CRI, CRIS, CRIT, CRIN, CRETE
0%
to feel, percieve ESTHE, ESTHET, AESTHE, AESTHET
0%
to originate, produce, birth, origin, kind GEN, GENE, GON
0%
old age GER, GERONT
0%
to speak, choose LEC, LEX
0%
to digest PEP, PEPT
0%
to show, appear PHA, PHAN, PHANT, PHEN
0%
to love PHIL
0%
sound, voice PHON
0%
many, much POLY
0%
to arrange, put in order TAC, TAX
0%
art, skill, craft TECHN
0%
No matching quizzes found
Score Distribution
Percent of People with Each Score
Percentile by Number Answered
Your Score History
You have not taken this quiz